Đi bộ với sức khỏe

Wedi'i Gadw mewn:
Manylion Llyfryddiaeth
Prif Awdur: Kenmi, Kuzhara
Fformat: Llyfr
Iaith:Undetermined
Cyhoeddwyd: Thành phố Hồ Chí Minh Nhà xuất bản Thành phố Hồ Chí Minh 2004
Pynciau:
Tagiau: Ychwanegu Tag
Dim Tagiau, Byddwch y cyntaf i dagio'r cofnod hwn!
Thư viện lưu trữ: Trung tâm Học liệu Trường Đại học Cần Thơ
LEADER 00596nam a2200193Ia 4500
001 CTU_95661
008 210402s9999 xx 000 0 und d
020 |c 12000 
082 |a 613.717 
082 |b K33 
100 |a Kenmi, Kuzhara 
245 0 |a Đi bộ với sức khỏe 
245 0 |c Kuzhara Kenmi; Nguyễn Khắc Khoái biên dịch 
260 |a Thành phố Hồ Chí Minh 
260 |b Nhà xuất bản Thành phố Hồ Chí Minh 
260 |c 2004 
650 |a Walking 
904 |i Tuyến 
980 |a Trung tâm Học liệu Trường Đại học Cần Thơ